[Event "AUS-ch Reserves"]
[Site "Geelong"]
[Date "2012.01.07"]
[Round "10"]
[White "Khaled, Omar"]
[Black "Gibson, Kyle"]
[Result "1-0"]
[WhiteElo "2010"]
[BlackElo "1644"]
[PlyCount "83"]
[EventDate "2011.12.27"]
[EventType "swiss"]
[EventRounds "11"]
[EventCountry "AUS"]
[SourceTitle "EXT 2023"]
[Source "ChessBase"]
[SourceDate "2022.10.05"]
[SourceVersion "1"]
[SourceVersionDate "2022.10.05"]
[SourceQuality "1"]

1. c4 e5 2. Nc3 d6 3. g3 f5 4. Bg2 Nf6 5. d3 Be7 6. Nf3 0-0 7. 0-0 Qe8 8. Rb1 Nbd7 9. b4 c6 10. Qb3 Kh8 11. b5 c5 12. a4 Qh5 13. Qd1 h6 14. Rb3 g5 15. e3 Qg6 16. Ne1 h5 17. f4 exf4 18. exf4 g4 19. Be3 Rb8 20. d4 Nb6 21. Qc2 Qf7 22. d5 Nh7 23. a5 Nd7 24. Nd3 Bf6 25. Qe2 Re8 26. Nd1 Ndf8 27. Ra3 Qc7 28. Re1 Bd7 29. Bf1 Re7 30. Qd2 b6 31. axb6 axb6 32. Bf2 Rxe1 33. Nxe1 Rb7 34. Ne3 Ra7 35. Qa2 Rxa3 36. Qxa3 Ng6 37. Bd3 Qc8 38. Qa6 Ne7 39. Qxb6 Bd4 40. N1c2 Bxe3 41. Bxe3 Nf6 42. Qxd6 1-0

[Event "Melbourne Cup"]
[Site "Melbourne"]
[Date "2010.11.02"]
[Round "8"]
[White "Khaled, Omar"]
[Black "Zelesco, Karl"]
[Result "1/2-1/2"]
[WhiteElo "1900"]
[BlackElo "1545"]
[PlyCount "113"]
[EventDate "2010.10.29"]
[EventType "swiss"]
[EventRounds "9"]
[EventCountry "AUS"]
[SourceTitle "EXT 2012"]
[Source "ChessBase"]
[SourceDate "2011.11.24"]
[SourceVersion "1"]
[SourceVersionDate "2011.11.24"]
[SourceQuality "1"]

1. c4 e5 2. Nc3 Nf6 3. d3 Bb4 4. Nf3 Nc6 5. g3 e4 6. dxe4 Bxc3+ 7. bxc3 Nxe4 8. Qc2 Nf6 9. Ba3 d6 10. Bg2 0-0 11. 0-0 Re8 12. Rfe1 Be6 13. Nd2 Qd7 14. Rab1 Bh3 15. Ne4 Bxg2 16. Nxf6+ gxf6 17. Kxg2 b6 18. Rb5 Re5 19. f4 Rxb5 20. cxb5 Ne7 21. c4 Qg4 22. Bb2 Nf5 23. Qe4 d5 24. cxd5 Nd6 25. Qd3 Qg6 26. e4 Re8 27. f5 Qg4 28. h3 Qg5 29. Bc1 Qg7 30. Kf2 Qf8 31. Bf4 Nb7 32. Bxc7 Qc5+ 33. Kf3 Qxc7 34. g4 Qh2 35. Qf1 Qxa2 36. h4 Qh2 37. g5 fxg5 38. hxg5 Qh5+ 39. Kf4 Qh4+ 40. Kf3 Nc5 41. e5 Qh5+ 42. Kf4 Qh2+ 43. Kg4 Nd7 44. Qf4 Qg2+ 45. Kh4 Qxd5 46. e6 fxe6 47. f6 Kf7 48. Rc1 Nc5 49. Qc7+ Nd7 50. Qf4 Qxb5 51. Rc7 Qd3 52. Qg4 Rd8 53. Qb4 Kg6 54. Rxa7 Nxf6 55. Rg7+ Kxg7 56. Qe7+ Kg8 57. Qxe6+ 1/2-1/2

[Event "Melbourne Cup"]
[Site "Melbourne"]
[Date "2010.10.31"]
[Round "5"]
[White "Teichmann, Erik Oskar Michael"]
[Black "Khaled, Omar"]
[Result "1-0"]
[WhiteElo "2329"]
[BlackElo "1900"]
[PlyCount "61"]
[EventDate "2010.10.29"]
[EventType "swiss"]
[EventRounds "9"]
[EventCountry "AUS"]
[SourceTitle "EXT 2012"]
[Source "ChessBase"]
[SourceDate "2011.11.24"]
[SourceVersion "1"]
[SourceVersionDate "2011.11.24"]
[SourceQuality "1"]

1. b4 d5 2. Bb2 e6 3. e3 Nf6 4. b5 c5 5. Nf3 Nbd7 6. c4 Be7 7. d3 Qc7 8. Nbd2 b6 9. Be2 Bb7 10. 0-0 0-0 11. Rc1 e5 12. cxd5 Nxd5 13. Nc4 Bf6 14. d4 e4 15. Nfe5 Rfe8 16. Nxd7 Qxd7 17. dxc5 bxc5 18. Bxf6 gxf6 19. Na5 Rac8 20. Bg4 f5 21. Bxf5 Qxf5 22. Nxb7 Re6 23. Qe2 Qg5 24. Nxc5 Rg6 25. g3 Re8 26. Nb3 Rh6 27. Nd4 Rh3 28. Rc5 Re5 29. Nc6 Qh6 30. Nxe5 Nf6 31. Ng4 1-0

[Event "Cairnhill op 21st"]
[Site "Singapore"]
[Date "2003.12.10"]
[Round "5"]
[White "Khaled, Omar"]
[Black "Gokhale, Chandrashekhar"]
[Result "0-1"]
[WhiteElo "2122"]
[BlackElo "2379"]
[PlyCount "54"]
[EventDate "2003.12.07"]
[EventType "swiss"]
[EventRounds "9"]
[EventCountry "SIN"]
[SourceTitle "CBM 097 Extra"]
[Source "ChessBase"]
[SourceDate "2004.01.13"]
[SourceVersion "1"]
[SourceVersionDate "2004.01.13"]
[SourceQuality "1"]

1. d4 d5 2. c4 e6 3. Nf3 c5 4. cxd5 exd5 5. g3 Nc6 6. Bg2 Nf6 7. 0-0 Be7 8. Nc3 0-0 9. Bf4 a6 10. Rc1 Re8 11. a3 Bg4 12. dxc5 Bxc5 13. b4 Ba7 14. h3 Be6 15. Na4 Nh5 16. Nc5 Nxf4 17. gxf4 Bc8 18. Nxa6 Bb6 19. Qd3 Qf6 20. Ng5 h6 21. Bxd5 Qxf4 22. Ne4 Rxa6 23. e3 Qf5 24. Qb3 Be6 25. Bxe6 Rxe6 26. Ng3 Qxh3 27. Rxc6 bxc6 0-1

[Event "Cairnhill op 21st"]
[Site "Singapore"]
[Date "2003.12.09"]
[Round "4"]
[White "Kashtanov, Ruslan"]
[Black "Khaled, Omar"]
[Result "1/2-1/2"]
[WhiteElo "2396"]
[BlackElo "2122"]
[PlyCount "90"]
[EventDate "2003.12.07"]
[EventType "swiss"]
[EventRounds "9"]
[EventCountry "SIN"]
[SourceTitle "CBM 097 Extra"]
[Source "ChessBase"]
[SourceDate "2004.01.13"]
[SourceVersion "1"]
[SourceVersionDate "2004.01.13"]
[SourceQuality "1"]

1. e4 c5 2. Nf3 d6 3. c3 Nf6 4. h3 Nc6 5. Bd3 e5 6. 0-0 Be7 7. Re1 0-0 8. Na3 a6 9. Bf1 h6 10. d4 Qc7 11. Nc2 Re8 12. dxc5 dxc5 13. Nh2 Be6 14. Qf3 Rad8 15. Ne3 Qc8 16. Bc4 Bxc4 17. Nxc4 b5 18. Nb6 Qe6 19. Ng4 Nxe4 20. a4 f5 21. axb5 axb5 22. Ne3 g6 23. Ng4 h5 24. Nh6+ Kg7 25. g4 hxg4 26. hxg4 Rf8 27. gxf5 gxf5 28. Nxf5+ Qxf5 29. Qxf5 Rxf5 30. Rxe4 Rd1+ 31. Kg2 Bg5 32. Rg4 Kh7 33. Bxg5 Rxa1 34. Nd7 Rb1 35. Nxc5 Rxb2 36. Ne4 b4 37. cxb4 Nxb4 38. Nf6+ Kg6 39. Bc1+ Kxf6 40. Bxb2 Nd3 41. Bxe5+ Kxe5 42. Rg8 Nxf2 43. Re8+ Kd4 44. Kg3 Ne4+ 45. Kg4 Rf1 1/2-1/2